| 000 | 01058nam a22003137a 4500 | ||
|---|---|---|---|
| 003 | CHAP | ||
| 005 | 20220329141623.0 | ||
| 008 | 971013s1988 r 00010 d | ||
| 010 | _a71160 | ||
| 011 | _a72132 | ||
| 035 | _a81686 | ||
| 040 | _cCHAP | ||
| 090 | _aTesis | ||
| 100 | 0 | 0 |
_aAcosta Castillo, Enrique. _9639 |
| 245 | _aComportamiento de genotipos de sorgo (Sorghum bicolor (L) Moench bajo condiciones de sequía temporal | ||
| 260 |
_aMarín, N.L. : _bEl autor, _c1988 |
||
| 300 | _a77 h. | ||
| 502 | _aTesis (Ing. Agr. Fitotecnista) -- Universidad Autónoma de Nuevo León. Fac. de Agronomía | ||
| 590 |
_aALEPH _b10 _c20130110 _lUCH01 _h1411 |
||
| 590 |
_aBATCH-UPD _b10 _c20130110 _lUCH01 _h2158 |
||
| 590 |
_aBATCH-UPD _b10 _c20130410 _lUCH01 _h1506 |
||
| 590 |
_aBATCH-UPD _b10 _c20130914 _lUCH01 _h2031 |
||
| 590 |
_aCONVERSION _b10 _c20130109 _lUCH01 _h1339 |
||
| 650 | 1 | 4 |
_aSorgo _xGenética. _9108673 |
| 650 | 1 | 4 |
_aSorgo _xResistencia a sequía. _9108715 |
| 901 | _aBK | ||
| 942 | _cTESIS | ||
| 949 |
_bBC _cTES _d-35249 _eTS1 _h20784 _i81686 _si |
||
| 999 |
_c71160 _d71160 |
||